02039 2200289 4500001002100000005001500021035002000036008004100056020001800097041000800115082001300123084001900136100001700155245009700172260003900269300003400308500002300342520111200365650005901477650005701536990002601593990002601619990002601645990002601671990002601697990002601723INLIS00000000000388620221114023403 a0010-0520003886221114 | | eng  a9780813343119 aeng a968.0009 a968.0009 LOV s0 aLove, Janice1 aSouthern Africa in World Politics: Local Aspirations and Global Entanglements /cJanice Love aCambridge :bWestview Press,c2005 axx,235p. :b:illus. ;c23 cm. aIndeks : p.217-235 aThese days, politics often seem to be local and global simultaneously, challenging people, politicians, and scholars to sort out what is domestic from what is international and how the two are related. Janice Love demonstrates the complex realities of how local and global politics are intimately interwoven, sometimes inextricably so, specifically in southern Africa. In southern Africa, like many other regions, such linkages have existed for decades, if not centuries. Yet the current era is different from previous times when human communities found themselves closely intertwined. Love examines military, political, and economic changes in recent decades. Students of international relations, comparative politics, and African studies will find the region's experience instructive in understanding larger trends in the world. Students particularly interested in Africa will gain insight not only about this region, but also its significance for the whole continent. Deliberately crosses the boundaries of domestic politics and foreign policy as well as comparative politics and international relations. 4aAfrica, Southern - Politics and government - 1975-1994 4aGlobalization - Political aspects - Africa, Southern a15603/MKRI-P/XII-2009 a15604/MKRI-P/XII-2009 a15603/MKRI-P/XII-2009 a15604/MKRI-P/XII-2009 a15604/MKRI-P/XII-2009 a15603/MKRI-P/XII-2009